000 01407nac a22004577a 4500
001 BR8106535
003 BR-BrBNA
005 20240105115113.0
008 230509b bl.|||m| |||| 00| 0 por d
040 _aBR-BrBNA
_bpor
_cBiblioteca Nacional de Agricultura
072 _aF00; L00; E70
090 _a2120 BR8106535
110 1 _aSecretaria de Estado da Agricultura, Curitiba, PR (Brasil). Depto. de Economia Rural;
_98815
110 1 _aComissao Estadual de Planejamento Agricola, Curitiba, PR (Brasil)
_92046
245 1 _aAgrosituacional. Situacao agropecuaria do Parana [cafe, centeio, feijao, girassol, trigo, hortalica, pecuaria, algodao, amendoim, arroz, batata, cana de acucar, milho, rami, soja, Brasil]
260 3 _aCuritiba, PR (Brasil):
_c1981.
300 _a5 p.
490 _aAgrosituacional. Situacao Agropecuaria do Parana (Brazil)
_vv. 3(14)
_x
650 _aCLIMA
650 _aGEADA
650 _aSECA
650 _aALGODAO
650 _aGRAO
650 _aHORTALICA
650 _aCAFE
650 _aCENTEIO
650 _aFEIJAO
650 _aGIRASSOL
650 _aTRIGO
650 _aPECUARIA
650 _aAMENDOIM
650 _aARROZ
650 _aBATATA
650 _aCANA DE ACUCAR
650 _aMILHO
650 _aRAMI
650 _aSOJA
650 _aPARANA
909 _a202312
_bLúcia Elande
_c55
_dLúcia Elande
942 _2AGRIS
_n0
_cMS
999 _c273051
_d273051